000
00288nam a22001337a 4500
020
_a
0-671-53528-5
082
_a
823
_b
KEH/F
100
_a
KEHRET, PEG
245
_a
FRIGHTMARES
260
_a
NEW YORK
_b
MINSTREL BOOK
_c
1996
300
_a
119
650
_a
NOVEL
_z
UNITED STATES
942
_c
BK
999
_c
3390
_d
3390